Statistics for Most Similar Countries and Capitals

Click here to take the quiz!

General Stats

  • This quiz has been taken 104 times
    (79 since last reset)
  • The average score is 6 of 16

Answer Stats

CapitalCountry% Correct
ManamaPanama
91%
TehranIran
86%
TaipeiTaiwan
70%
ManaguaNicaragua
61%
VientianeVietnam
57%
Panama (City)Canada
39%
AmmanOman
36%
SuvaCuba
35%
TripoliItaly
19%
NassauPalau
19%
BelmopanSudan
19%
UlaanbaatarQatar
17%
LisbonGabon
14%
CairoTogo
14%
TiranaGhana
10%
OuagadougouVanuatu
10%

Score Distribution

Percentile by Number Answered

Percent of People with Each Score

Your Score History

You have not taken this quiz since the last reset